|
|
|
|
| LEADER |
00000nam a2200000 a 4500 |
| 001 |
vtls010521104 |
| 003 |
SK-MaSNL |
| 005 |
20260301214642.0 |
| 008 |
240318s2013 xr g 000 0 cze |
| 020 |
|
|
|a 9788087249413
|q (brož.)
|
| 040 |
|
|
|a SNK
|b slo
|c SNK
|e AACR2
|
| 041 |
1 |
|
|a cze
|h fre
|
| 044 |
|
|
|a xr
|c CZ
|
| 072 |
|
7 |
|a 615.8
|x Fyzioterapia. Psychoterapia. Alternatívna medicína
|2 konspekt
|
| 080 |
|
|
|a 616.1/.9:613.86
|2 2001
|
| 080 |
|
|
|a 615.851
|2 2001
|
| 080 |
|
|
|a 615.8-022.214
|2 2001
|
| 080 |
|
|
|a 615.8
|2 2001
|
| 080 |
|
|
|a (031)
|2 2001
|
| 100 |
1 |
|
|a Rainville, Claudia,
|d 1951-
|4 aut
|9 603345
|
| 240 |
1 |
0 |
|a Guérir en comprenant le langage de nos malaises et de nos maladies
|l Česky
|
| 245 |
1 |
0 |
|a Léčíme sa díky porozumění jazyku svých potíží a nemocí
|b velký slovník metamedicíny
|c Claudia Rainvilleová ; [z francouzského originálu přeložil Vladimír Čadský]
|
| 246 |
3 |
0 |
|a Velký slovník metamedicíny
|
| 250 |
|
|
|a 1. čes. vyd.
|
| 260 |
|
|
|a Praha
|b Maitrea
|c 2013
|
| 300 |
|
|
|a 621 s.
|c 21 cm
|
| 650 |
0 |
7 |
|a psychosomatické choroby
|2 SNKPH
|9 67798
|
| 650 |
0 |
7 |
|a psychoterapia
|2 SNKPH
|9 2575
|
| 650 |
0 |
7 |
|a holistická medicína
|2 SNKPH
|9 78347
|
| 650 |
0 |
7 |
|a Psychosomatic diseases
|2 SNKPHeng
|9 367730
|
| 650 |
0 |
7 |
|a Autotherapy
|2 SNKPHeng
|9 313945
|
| 650 |
0 |
7 |
|a Psychotherapy
|2 SNKPHeng
|9 266881
|
| 655 |
|
7 |
|a encyklopédie
|2 SNKPH
|9 28776
|
| 655 |
|
7 |
|a Encyclopedias
|2 SNKPHeng
|9 90422
|
| 700 |
1 |
|
|a Čadský, Vladimír
|4 trl
|9 64783
|
| 919 |
|
|
|a 978-80-87249-41-3
|
| 999 |
|
|
|c 925484
|d 927414
|
| 952 |
|
|
|a SNK
|b SNK
|y VYP
|7 0
|p 17A1084836
|o snkIC 140850
|i snk2013/26190
|8 4
|g 16.57
|0 0
|1 0
|4 0
|d 2013-06-19
|l 1
|m 2
|r 2026-04-29 16:27:06
|s 2026-02-28
|w 2026-02-24
|